Japan international cooperation agency annual report, 1997 (Record no. 48428)

MARC details
000 -LEADER
fixed length control field 00553nam a2200157 a 4500
008 - FIXED-LENGTH DATA ELEMENTS--GENERAL INFORMATION
fixed length control field 120416s1997 ||||||||||||||||| || u
050 ## - LIBRARY OF CONGRESS CALL NUMBER
Classification number JC 362 Jap
245 10 - TITLE STATEMENT
Title Japan international cooperation agency annual report, 1997
246 ## - VARYING FORM OF TITLE
Title proper/short title JICA
260 ## - PUBLICATION, DISTRIBUTION, ETC.
Place of publication, distribution, etc. Japan
Name of publisher, distributor, etc. JICA
Date of publication, distribution, etc. 1997
350 ## - PRICE (NR) (BK AM CF MU VM SE) [OBSOLETE]
Price 0.00
650 ## - SUBJECT ADDED ENTRY--TOPICAL TERM
Topical term or geographic name entry element WORLD POLITICS--JAPAN
650 ## - SUBJECT ADDED ENTRY--TOPICAL TERM
Topical term or geographic name entry element INTERNATIONAL RELATIONS--JAPAN
650 ## - SUBJECT ADDED ENTRY--TOPICAL TERM
Topical term or geographic name entry element POLITICS
995 ## - RECOMMENDATION 995 [LOCAL, UNIMARC FRANCE]
-- 0.00
-- CBU-MAIN LIBRARY (Kitwe)
-- 1
-- 36.00
-- 1
-- LOST
-- Main Library Open Access Collection
Holdings
Withdrawn status Lost status Source of classification or shelving scheme Damaged status Not for loan Home library Current library Shelving location Date acquired Total Checkouts Full call number Barcode Date last seen Price effective from Koha item type
          CBU-MAIN LIBRARY, KITWE. CBU-MAIN LIBRARY, KITWE.   11/30/2022   JC 362 Jap 729740 11/30/2022 11/30/2022 MONOGRAPH